000 00628nas a22002291i#4500
001 2556
003 ES-MaACL
005 20250809062536.0
007 t|
008 950801c19079999gw a| | 1 ||er d
080 _a430
245 0 0 _aJahrbuch des öffentlichen Rechts der Gegenwart.
260 _aTübingen :
_bJ.C.B. Mohr,
_c1907- (
_fH. Laupp)
300 _a18 v. ;
_c26 cm.
310 _aAnual
362 _aBd. 1-25, 1907-38; n.F., Bd. 1- 1951-
515 _aPublicación suspendida 1915-1919.
650 1 7 _aDerecho
_2embne
_911602
852 _aES-MaACL
_jC-7343-60
866 1 _o1907-29.
999 _c2556
_d2556